The happiness dare : pursuing your heart's ... Read More
Record details
- ISBN: 9781496411143
- ISBN: 1496411145
- Physical Description: xii, 290 pages ; 21 cm
- Publisher: Carol Stream, IL : Tyndale Momentum an imprint of Tyndale House Publishers, Inc., [2016]
Content descriptions
| Bibliography, etc. Note: | Includes bibliographical references (pages ... Read More |
| Formatted Contents Note: | Introduction: the confession of a happy woman -- ... Read More |
| Summary, etc.: | Would you like to be happier? No matter who you ... Read More |
Search for related items by subject
| Subject: | Christian women > Religious life. Happiness > Religious aspects > Christianity. Christian women > Religious life. Happiness > Religious aspects > Christianity. |
| LDR | 03090cam a2200409 i 4500 | ||
|---|---|---|---|
| 001 | 216860 | ||
| 003 | LARL_NWRL_CONSORTIUM | ||
| 005 | 20160915111941.0 | ||
| 008 | 160322s2016 ilu 000 0 eng | ||
| 019 | . | ‡a931005802 | |
| 020 | . | ‡a9781496411143 ‡q(pbk.) | |
| 020 | . | ‡a1496411145 ‡q(pbk.) | |
| 035 | . | ‡a(OCoLC)945730139 ‡z(OCoLC)931005802 | |
| 042 | . | ‡apcc | |
| 082 | 0 | 0. | ‡a248.8/43 ‡223 |
| 100 | 1 | . | ‡aLee, Jennifer Dukes, ‡eauthor. ‡0(LARL_NWRL_CONSORTIUM)224807 |
| 245 | 1 | 4. | ‡aThe happiness dare : ‡bpursuing your heart's deepest, holiest, and most vulnerable desire / ‡cJennifer Dukes Lee. |
| 264 | 1. | ‡aCarol Stream, IL : ‡bTyndale Momentum an imprint of Tyndale House Publishers, Inc., ‡c[2016] | |
| 300 | . | ‡axii, 290 pages ; ‡c21 cm | |
| 336 | . | ‡atext ‡btxt ‡2rdacontent | |
| 337 | . | ‡aunmediated ‡bn ‡2rdamedia | |
| 338 | . | ‡avolume ‡bnc ‡2rdacarrier | |
| 520 | . | ‡aWould you like to be happier? No matter who you are or how you feel, chances are you would answer yes. And Jennifer Dukes Lee was no different. For years, she wrestled with a constant nagging sense that she wasn't as happy as she could be. At the same time, she felt guilty for wanting something so "shallow." After all, doesn't God only care that we find joy in our circumstances? Or is it possible that God really does want us to be happy?Determined to get answers, Jennifer embarked on a quest to find out whether our happiness matters to God and, if so, how to pursue it in a way that pleases him. In The Happiness Dare, you'll learn what she discovered, including how to: understand the five happiness styles and maximize yours; overcome the four biggest obstacles that stand in the way of your happiness; find your happiness sweet spot--the place, relationship, or activity that gives you the greatest sense of well-being; discover what you can do in just five minutes a day to be happier | |
| 504 | . | ‡aIncludes bibliographical references (pages 283-289). | |
| 505 | 0 | . | ‡aIntroduction: the confession of a happy woman -- Part 1: You have permission. Stalking happiness ; The holy pursuit of happiness ; The happiness dare -- Part 2: You have a style. The importance of finding your happiness style ; The doer ; The relater ; The experiencer ; The giver ; The thinker -- Part 3: You have a choice. Five minutes to a happier you ; The principle of small daily gains ; The principle of good enough ; The principle of putting up your dukes ; The principle of the head-to-foot alleluia -- The happiness cycle -- What's your happiness style? |
| 650 | 0. | ‡aChristian women ‡xReligious life. ‡0(LARL_NWRL_CONSORTIUM)41632 | |
| 650 | 0. | ‡aHappiness ‡xReligious aspects ‡xChristianity. ‡0(LARL_NWRL_CONSORTIUM)165553 | |
| 650 | 7. | ‡aChristian women ‡xReligious life. ‡2fast ‡0(LARL_NWRL_CONSORTIUM)41632 | |
| 650 | 7. | ‡aHappiness ‡xReligious aspects ‡xChristianity. ‡2fast ‡0(LARL_NWRL_CONSORTIUM)165553 | |
| 905 | . | ‡uvanderl | |
| 901 | . | ‡a216860 ‡b ‡c216860 ‡tbiblio ‡soclc | |

Add to basket
Permalink
Disable Highlighting